[Event "Quebec-ch U16"]
[Site "Montreal CAN"]
[Date "2017.03.04"]
[Round "2"]
[White "Ouellet, Maili-Jade"]
[Black "Ivakhin, Mikhail"]
[Result "1-0"]
[WhiteElo "2135"]
[BlackElo "2073"]
[WhiteFideId "-1"]
[WhiteFideId "-1"]
[PlyCount "89"]
[GameId "2160767908478344"]
[EventDate "2017.03.04"]
[EventType "swiss"]
[EventRounds "5"]
[EventCountry "CAN"]
[SourceTitle "EXT 2022"]
[Source "ChessBase"]
[SourceDate "2021.10.06"]
[SourceVersion "1"]
[SourceVersionDate "2021.10.06"]
[SourceQuality "1"]

1. d4 d5 2. c4 e6 3. Nc3 f5 4. Nf3 Nf6 5. Bf4 c6 6. e3 Bd6 7. Bd3 O-O 8. O-O Ne4 9. Qc2 Qe7 10. c5 Bc7 11. b4 g5 12. Bxc7 Qxc7 13. Bxe4 fxe4 14. Nxg5 Qg7 15. Ngxe4 dxe4 16. Nxe4 Qg6 17. f4 Na6 18. Rf3 Kh8 19. Rg3 Qf5 20. Rg5 Qf7 21. d5 h6 22. Qc3+ Kh7 23. dxc6 bxc6 24. Rd1 Nc7 25. Nd6 Qe7 26. Qd3+ Rf5 27. Nxf5 exf5 28. Rg3 Nd5 29. a3 Be6 30. Qd4 Re8 31. Qe5 Qf7 32. Qd4 Bd7 33. Qd3 Re7 34. Rh3 Qg7 35. Qd4 Qg6 36. b5 Re4 37. Qd3 Qe6 38. Rg3 Be8 39. Kf2 Qf6 40. Qb3 Bf7 41. bxc6 Ne7 42. Rd6 Be6 43. c7 Qf7 44. Qb2 Nc8 45. Rd8 1-0

[Event "Quebec-ch U16"]
[Site "Montreal CAN"]
[Date "2017.03.04"]
[Round "3"]
[White "Guan, Zi Yu"]
[Black "Ouellet, Maili-Jade"]
[Result "0-1"]
[WhiteElo "1630"]
[BlackElo "2135"]
[WhiteFideId "-1"]
[WhiteFideId "-1"]
[PlyCount "96"]
[GameId "2160767908478346"]
[EventDate "2017.03.04"]
[EventType "swiss"]
[EventRounds "5"]
[EventCountry "CAN"]
[SourceTitle "EXT 2022"]
[Source "ChessBase"]
[SourceDate "2021.10.06"]
[SourceVersion "1"]
[SourceVersionDate "2021.10.06"]
[SourceQuality "1"]

1. e4 c5 2. Nf3 e6 3. d4 cxd4 4. Nxd4 a6 5. Be2 Nf6 6. Nc3 d6 7. Be3 b5 8. a3 Bb7 9. f3 Be7 10. O-O Nbd7 11. Qd2 Qc7 12. Bd3 O-O 13. Nb3 Ne5 14. Qe2 Nc4 15. Bxc4 bxc4 16. Nd2 Rac8 17. Na4 Nd7 18. Rad1 Bf6 19. b3 d5 20. exd5 exd5 21. bxc4 Qc6 22. Rb1 d4 23. Bf2 Qxa4 24. Rxb7 Nc5 25. Rbb1 Qxc2 26. Qd1 Qf5 27. Nb3 Ne6 28. Rc1 Rfd8 29. Re1 d3 30. Qd2 Bg5 31. Be3 Bxe3+ 32. Rxe3 Nf4 33. Kf2 Qh5 34. Re4 Ne2 35. Rh1 f5 36. Re3 Qh4+ 37. g3 Nxg3 38. hxg3 Qxh1 39. Rxd3 Qh2+ 40. Ke3 Qg1+ 41. Kf4 Rxc4+ 42. Kxf5 Rf8+ 43. Ke6 Qb6+ 44. Kd5 Qb5+ 45. Ke6 Rf6+ 46. Ke7 Qe5+ 47. Kd8 Qc7+ 48. Ke8 Rf8# 0-1

[Event "Quebec-ch U16"]
[Site "Montreal CAN"]
[Date "2017.03.04"]
[Round "3"]
[White "Pan, Yu Xiang"]
[Black "Johnson-Constantin, Mathieu"]
[Result "0-1"]
[WhiteElo "1302"]
[BlackElo "1985"]
[WhiteFideId "-1"]
[WhiteFideId "-1"]
[PlyCount "59"]
[GameId "2160767908478347"]
[EventDate "2017.03.04"]
[EventType "swiss"]
[EventRounds "5"]
[EventCountry "CAN"]
[SourceTitle "EXT 2022"]
[Source "ChessBase"]
[SourceDate "2021.10.06"]
[SourceVersion "1"]
[SourceVersionDate "2021.10.06"]
[SourceQuality "1"]

1. e4 e6 2. d4 d5 3. exd5 exd5 4. Bd3 Nf6 5. c3 Bd6 6. h3 O-O 7. Nf3 Re8+ 8. Be2 Nbd7 9. O-O Nf8 10. Bd3 h6 11. Re1 Rxe1+ 12. Qxe1 Be6 13. Ne5 c6 14. f4 Qc7 15. Nd2 Re8 16. Ndf3 Re7 17. g4 Bc8 18. Qh4 N6h7 19. g5 hxg5 20. fxg5 Bxe5 21. Nxe5 f6 22. g6 fxe5 23. gxh7+ Kh8 24. dxe5 Qb6+ 25. Kg2 Rf7 26. Qg3 Ne6 27. b4 d4 28. Qg6 Rf8 29. Bf5 dxc3 30. Ba3 0-1

[Event "Quebec-ch U16"]
[Site "Montreal CAN"]
[Date "2017.03.04"]
[Round "3"]
[White "Turgeon, Yoakim"]
[Black "Ivakhin, Mikhail"]
[Result "1-0"]
[WhiteElo "1703"]
[BlackElo "2073"]
[WhiteFideId "-1"]
[WhiteFideId "-1"]
[PlyCount "89"]
[GameId "2160767908478348"]
[EventDate "2017.03.04"]
[EventType "swiss"]
[EventRounds "5"]
[EventCountry "CAN"]
[SourceTitle "EXT 2022"]
[Source "ChessBase"]
[SourceDate "2021.10.06"]
[SourceVersion "1"]
[SourceVersionDate "2021.10.06"]
[SourceQuality "1"]

1. d4 d6 2. f4 Bg4 3. h3 Bf5 4. Nc3 Nf6 5. e3 e6 6. Bd3 Bxd3 7. Qxd3 Nbd7 8. Nf3 g6 9. O-O Bg7 10. e4 O-O 11. e5 dxe5 12. fxe5 Nd5 13. Nxd5 exd5 14. Qb3 Nb6 15. Bg5 Qd7 16. Rae1 c6 17. Bf6 Nc4 18. Qc3 Rfe8 19. Bxg7 Kxg7 20. Ng5 Re7 21. Qf3 Qf5 22. Qxf5 gxf5 23. h4 Nxb2 24. Rxf5 Na4 25. Ref1 Rf8 26. e6 f6 27. R5f3 h6 28. Nh3 Rxe6 29. Nf4 Re4 30. Nh5+ Kg6 31. Nxf6 Re6 32. h5+ Kg7 33. Rg3+ Kh8 34. Rg6 Rexf6 35. Rgxf6 Rxf6 36. Rxf6 Kg7 37. Rd6 Nc3 38. Kf1 Nxa2 39. Rd7+ Kf6 40. Rxb7 Nc3 41. Rxa7 Nb5 42. Ra4 Kg5 43. c4 Nc3 44. Ra5 Kh4 45. Rc5 1-0

[Event "Quebec-ch U16"]
[Site "Montreal CAN"]
[Date "2017.03.05"]
[Round "4"]
[White "Johnson-Constantin, Mathieu"]
[Black "Ouellet, Maili-Jade"]
[Result "0-1"]
[WhiteElo "1985"]
[BlackElo "2135"]
[WhiteFideId "-1"]
[WhiteFideId "-1"]
[PlyCount "114"]
[GameId "2160767908478349"]
[EventDate "2017.03.04"]
[EventType "swiss"]
[EventRounds "5"]
[EventCountry "CAN"]
[SourceTitle "EXT 2022"]
[Source "ChessBase"]
[SourceDate "2021.10.06"]
[SourceVersion "1"]
[SourceVersionDate "2021.10.06"]
[SourceQuality "1"]

1. e4 c5 2. d3 e6 3. Nc3 Nc6 4. g3 g6 5. Bg2 Bg7 6. Nge2 Nge7 7. O-O O-O 8. Be3 d6 9. Qd2 Nd4 10. Nd1 Nec6 11. c3 Nxe2+ 12. Qxe2 Qa5 13. f4 f5 14. exf5 gxf5 15. Bd2 Bd7 16. Ne3 Qc7 17. Rae1 Rab8 18. g4 fxg4 19. Qxg4 Rf6 20. Kh1 Rbf8 21. Bh3 Ne7 22. Ng2 Rg6 23. Qe2 Nf5 24. Bg4 Rff6 25. Rg1 Rh6 26. Qf2 Rfg6 27. Ne3 Bc6+ 28. Bf3 Rxh2+ 29. Kxh2 Rh6+ 30. Kg2 Nh4+ 31. Kf1 Nxf3 32. Ke2 Rh2 33. Rg2 Rxg2 34. Nxg2 Nxe1 35. Nxe1 Qf7 36. Qh4 Bf6 37. Qg4+ Kf8 38. Nf3 h5 39. Qh3 Bxf3+ 40. Qxf3 d5 41. Be3 b6 42. d4 cxd4 43. Bxd4 Bxd4 44. cxd4 Qf5 45. Qa3+ Kg8 46. Qd6 Qe4+ 47. Kf1 Qb1+ 48. Kg2 Qxb2+ 49. Kg3 Qxd4 50. Qxe6+ Kf8 51. f5 Qg4+ 52. Kf2 Qf4+ 53. Kg1 Qd4+ 54. Kf1 Qa1+ 55. Kg2 Qxa2+ 56. Kh3 Qa3+ 57. Kh4 Qe7+ 0-1

[Event "Quebec-ch U16"]
[Site "Montreal CAN"]
[Date "2017.03.05"]
[Round "4"]
[White "Turgeon, Yoakim"]
[Black "Pan, Yu Xiang"]
[Result "1-0"]
[WhiteElo "1703"]
[BlackElo "1302"]
[WhiteFideId "-1"]
[WhiteFideId "-1"]
[PlyCount "81"]
[GameId "2160767908478351"]
[EventDate "2017.03.04"]
[EventType "swiss"]
[EventRounds "5"]
[EventCountry "CAN"]
[SourceTitle "EXT 2022"]
[Source "ChessBase"]
[SourceDate "2021.10.06"]
[SourceVersion "1"]
[SourceVersionDate "2021.10.06"]
[SourceQuality "1"]

1. d4 d5 2. e3 Nf6 3. Bd3 Nc6 4. c3 e5 5. Bb5 e4 6. c4 Be6 7. Qa4 a6 8. Bxc6+ bxc6 9. c5 Qd7 10. Nd2 Be7 11. Nb3 O-O 12. Na5 Kh8 13. Qxc6 Qxc6 14. Nxc6 Ng8 15. Bd2 Bd7 16. Ne5 Be8 17. f3 f5 18. Nh3 Nh6 19. Nf4 Rf6 20. Nxd5 c6 21. Nxe7 Re6 22. Nxf5 Nxf5 23. fxe4 Nh6 24. O-O Bh5 25. Rf2 Ng4 26. Nxg4 Bxg4 27. Raf1 Kg8 28. Rf4 Be2 29. R1f2 Bd3 30. d5 Rxe4 31. Rxe4 Bxe4 32. d6 Rd8 33. Rf4 Bd3 34. Rd4 Bf5 35. e4 Bd7 36. Ra4 Bc8 37. Rb4 Bd7 38. Rb6 Ra8 39. Rb7 Rd8 40. Ba5 Bc8 41. Bxd8 1-0

[Event "Quebec-ch U16"]
[Site "Montreal CAN"]
[Date "2017.03.05"]
[Round "5"]
[White "Guan, Zi Yu"]
[Black "Turgeon, Yoakim"]
[Result "0-1"]
[WhiteElo "1630"]
[BlackElo "1703"]
[WhiteFideId "-1"]
[WhiteFideId "-1"]
[PlyCount "78"]
[GameId "2160767908478352"]
[EventDate "2017.03.04"]
[EventType "swiss"]
[EventRounds "5"]
[EventCountry "CAN"]
[SourceTitle "EXT 2022"]
[Source "ChessBase"]
[SourceDate "2021.10.06"]
[SourceVersion "1"]
[SourceVersionDate "2021.10.06"]
[SourceQuality "1"]

1. e4 e5 2. Nf3 Nc6 3. d4 exd4 4. Nxd4 Bc5 5. Be3 Bb6 6. c3 d6 7. Bb5 Bd7 8. O-O Nf6 9. f3 O-O 10. Nd2 Nxd4 11. Bxd7 Nxf3+ 12. Qxf3 Bxe3+ 13. Qxe3 Qxd7 14. h3 Rfe8 15. Rae1 Qb5 16. b3 Qb6 17. Qxb6 axb6 18. a4 Re5 19. Rf5 Rae8 20. Rxe5 Rxe5 21. Kf2 g6 22. Kf3 g5 23. Nc4 Re8 24. Re3 Re6 25. e5 d5 26. Nxb6 Rxb6 27. exf6 Rxf6+ 28. Kg4 h6 29. g3 Kg7 30. h4 gxh4 31. Kxh4 Re6 32. Rd3 c6 33. g4 Re4 34. b4 f5 35. Rd4 Rxd4 36. cxd4 fxg4 37. Kxg4 Kf6 38. b5 cxb5 39. axb5 h5+ 0-1

[Event "Quebec-ch U16"]
[Site "Montreal CAN"]
[Date "2017.03.05"]
[Round "5"]
[White "Ivakhin, Mikhail"]
[Black "Johnson-Constantin, Mathieu"]
[Result "1-0"]
[WhiteElo "2073"]
[BlackElo "1985"]
[WhiteFideId "-1"]
[WhiteFideId "-1"]
[PlyCount "59"]
[GameId "2160767908478353"]
[EventDate "2017.03.04"]
[EventType "swiss"]
[EventRounds "5"]
[EventCountry "CAN"]
[SourceTitle "EXT 2022"]
[Source "ChessBase"]
[SourceDate "2021.10.06"]
[SourceVersion "1"]
[SourceVersionDate "2021.10.06"]
[SourceQuality "1"]

1. d4 Nf6 2. e3 g6 3. f4 Bg7 4. Nf3 O-O 5. Bc4 d5 6. Bd3 b6 7. Nbd2 Ba6 8. Bxa6 Nxa6 9. O-O c5 10. c3 c4 11. Ne5 Qc7 12. Qf3 e6 13. e4 b5 14. a3 Qb7 15. exd5 exd5 16. Qh3 Nc7 17. f5 Rae8 18. Ndf3 Ne4 19. Nd7 a5 20. Nxf8 Bxf8 21. fxg6 fxg6 22. Ne5 Re7 23. Bh6 Bxh6 24. Qxh6 Ne6 25. Rf3 Qc8 26. Raf1 Qe8 27. h4 Rg7 28. Ng4 Qd8 29. Nf6+ Kh8 30. Nh5 1-0

[Event "Quebec-ch U18"]
[Site "Montreal CAN"]
[Date "2017.03.04"]
[Round "1"]
[White "Cote, Frederic"]
[Black "Saha, Ananda"]
[Result "0-1"]
[WhiteElo "1414"]
[BlackElo "2088"]
[WhiteFideId "-1"]
[WhiteFideId "-1"]
[PlyCount "58"]
[GameId "2160767908478355"]
[EventDate "2017.03.04"]
[EventType "tourn"]
[EventRounds "6"]
[EventCountry "CAN"]
[SourceTitle "EXT 2022"]
[Source "ChessBase"]
[SourceDate "2021.10.06"]
[SourceVersion "1"]
[SourceVersionDate "2021.10.06"]
[SourceQuality "1"]

1. b3 Nf6 2. Bb2 d5 3. g3 c6 4. Bg2 Bf5 5. Nf3 h6 6. O-O Nbd7 7. d3 e6 8. c4 Be7 9. Nbd2 O-O 10. Re1 Bh7 11. cxd5 exd5 12. e4 Nc5 13. Ne5 Bd6 14. Qf3 dxe4 15. dxe4 Bxe5 16. Bxe5 Qxd2 17. Bxf6 gxf6 18. Re3 Qd4 19. Qg4+ Bg6 20. Rd1 Qe5 21. f4 Qh5 22. h3 Qxg4 23. hxg4 Rfd8 24. Rc1 Nd7 25. f5 Bh7 26. Rc2 Ne5 27. Bf3 Rd4 28. Kf2 Kh8 29. Rc1 Nd3+ 0-1

[Event "Quebec-ch U18"]
[Site "Montreal CAN"]
[Date "2017.03.04"]
[Round "1"]
[White "Zhu, Hong Rui"]
[Black "Li, Yi Lin"]
[Result "1-0"]
[WhiteElo "2313"]
[BlackElo "1962"]
[WhiteFideId "-1"]
[WhiteFideId "-1"]
[PlyCount "53"]
[GameId "2160767908478356"]
[EventDate "2017.03.04"]
[EventType "tourn"]
[EventRounds "6"]
[EventCountry "CAN"]

1. e4 c5 2. Ne2 Nc6 3. d4 cxd4 4. Nxd4 Nf6 5. Nc3 d6 6. Bg5 e5 7. Nf3 Bg4 8. Bxf6 gxf6 9. Nd5 Bg7 10. c3 Ne7 11. Bb5+ Bd7 12. Bxd7+ Qxd7 13. Nxe7 Qxe7 14. Nh4 Qd7 15. Nf5 Bf8 16. Qd5 Qc6 17. Rd1 O-O-O 18. O-O Qxd5 19. Rxd5 Kd7 20. Rfd1 Ke6 21. c4 b6 22. b4 Kd7 23. c5 Rg8 24. a4 Rg6 25. Nxd6 Ke6 26. Nb5 Rxd5 27. exd5+ 1-0

[Event "Quebec-ch U18"]
[Site "Montreal CAN"]
[Date "2017.03.04"]
[Round "2"]
[White "Li, Yi Lin"]
[Black "Saha, Ananda"]
[Result "0-1"]
[WhiteElo "1962"]
[BlackElo "2088"]
[WhiteFideId "-1"]
[WhiteFideId "-1"]
[PlyCount "58"]
[GameId "2160767908478357"]
[EventDate "2017.03.04"]
[EventType "tourn"]
[EventRounds "6"]
[EventCountry "CAN"]

1. d4 Nf6 2. c4 e6 3. Nc3 c5 4. d5 exd5 5. cxd5 d6 6. e4 g6 7. Bd3 Bg7 8. Nf3 Bg4 9. h3 Bxf3 10. gxf3 O-O 11. Be3 a6 12. a4 Nbd7 13. f4 Re8 14. a5 Qc7 15. Qd2 c4 16. Bc2 Nc5 17. f3 Nfd7 18. Na4 Nxa4 19. Bxa4 c3 20. Qc1 cxb2 21. Qxc7 bxa1=Q+ 22. Bd1 Qc3+ 23. Qxc3 Bxc3+ 24. Bd2 Bxd2+ 25. Kxd2 Nc5 26. Re1 f6 27. Kc3 Rac8 28. Kd4 Re7 29. Rg1 Kf7 0-1

[Event "Quebec-ch U18"]
[Site "Montreal CAN"]
[Date "2017.03.04"]
[Round "2"]
[White "Zhu, Hong Rui"]
[Black "Cote, Frederic"]
[Result "1-0"]
[WhiteElo "2313"]
[BlackElo "1414"]
[WhiteFideId "-1"]
[WhiteFideId "-1"]
[PlyCount "53"]
[GameId "2160767908478358"]
[EventDate "2017.03.04"]
[EventType "tourn"]
[EventRounds "6"]
[EventCountry "CAN"]
[SourceTitle "EXT 2022"]
[Source "ChessBase"]
[SourceDate "2021.10.06"]
[SourceVersion "1"]
[SourceVersionDate "2021.10.06"]
[SourceQuality "1"]

1. e4 b6 2. d4 Bb7 3. Bd3 e6 4. Nf3 Bb4+ 5. c3 Be7 6. O-O Nf6 7. e5 Nd5 8. Re1 f5 9. a3 c5 10. c4 Nc7 11. d5 Nxd5 12. cxd5 Bxd5 13. Bxf5 O-O 14. Be4 Bxe4 15. Rxe4 d5 16. exd6 Bxd6 17. Nc3 Nc6 18. Bg5 Qb8 19. Nb5 Nd4 20. Nxd6 Qxd6 21. Nxd4 Qd5 22. Qg4 Rf5 23. Nxe6 Re8 24. Rae1 h5 25. Qxh5 Rxe6 26. Rxe6 Rxg5 27. Re8# 1-0

[Event "Quebec-ch U18"]
[Site "Montreal CAN"]
[Date "2017.03.04"]
[Round "3"]
[White "Cote, Frederic"]
[Black "Li, Yi Lin"]
[Result "0-1"]
[WhiteElo "1414"]
[BlackElo "1962"]
[WhiteFideId "-1"]
[WhiteFideId "-1"]
[PlyCount "66"]
[GameId "2160767908478359"]
[EventDate "2017.03.04"]
[EventType "tourn"]
[EventRounds "6"]
[EventCountry "CAN"]

1. d4 Nf6 2. Nf3 e6 3. Bf4 d5 4. e3 Nbd7 5. Bd3 Be7 6. O-O O-O 7. h3 c5 8. c3 c4 9. Bc2 b5 10. b3 Ba6 11. b4 Bb7 12. Nbd2 Nb6 13. Re1 Ne4 14. Nxe4 dxe4 15. Nh2 Bd6 16. Qg4 f5 17. Qg3 Bxf4 18. exf4 Nd5 19. Rac1 Rf6 20. Qh4 Nxc3 21. g4 Nxa2 22. g5 Rf8 23. Rb1 Qd5 24. Re3 a5 25. Ng4 Nxb4 26. Nh6+ gxh6 27. gxh6 Kf7 28. Bd1 Rg8+ 29. Kh2 Ke8 30. Bh5+ Kd7 31. f3 Qxd4 32. Rd1 Qxd1 33. fxe4 Qg1# 0-1

[Event "Quebec-ch U18"]
[Site "Montreal CAN"]
[Date "2017.03.04"]
[Round "3"]
[White "Saha, Ananda"]
[Black "Zhu, Hong Rui"]
[Result "0-1"]
[WhiteElo "2088"]
[BlackElo "2313"]
[WhiteFideId "-1"]
[WhiteFideId "-1"]
[PlyCount "98"]
[GameId "2160767908478360"]
[EventDate "2017.03.04"]
[EventType "tourn"]
[EventRounds "6"]
[EventCountry "CAN"]
[SourceTitle "EXT 2022"]
[Source "ChessBase"]
[SourceDate "2021.10.06"]
[SourceVersion "1"]
[SourceVersionDate "2021.10.06"]
[SourceQuality "1"]

1. d4 d5 2. Nf3 e6 3. Bf4 Nf6 4. e3 c5 5. Nbd2 Nc6 6. c3 Be7 7. h3 O-O 8. Bd3 a6 9. O-O b5 10. Ne5 Qb6 11. e4 dxe4 12. Nxe4 cxd4 13. Nxc6 Qxc6 14. Nxf6+ Bxf6 15. Re1 Bb7 16. Be4 Qb6 17. Bxb7 Qxb7 18. cxd4 Rfd8 19. Be5 Bxe5 20. Rxe5 Rd7 21. Qd3 Rad8 22. Rd1 Rd5 23. Rxd5 Qxd5 24. Qb3 g6 25. Qxd5 Rxd5 26. f4 Rd6 27. Kf2 Kf8 28. Ke3 Rc6 29. Kd3 Ke7 30. b3 b4 31. Rd2 Rc3+ 32. Ke2 Kd6 33. Rd3 Rc2+ 34. Rd2 Rc1 35. Kf3 h5 36. Kg3 Kd5 37. Kh4 Ke4 38. Kg5 Ke3 39. Rb2 Rc7 40. g4 hxg4 41. hxg4 a5 42. Rh2 Kxd4 43. Kf6 Ke3 44. f5 exf5 45. gxf5 Rc6+ 46. Kxf7 gxf5 47. Rh5 Ke4 48. Ke7 Ra6 49. Kd7 a4 0-1

[Event "Quebec-ch U18"]
[Site "Montreal CAN"]
[Date "2017.03.05"]
[Round "4"]
[White "Li, Yi Lin"]
[Black "Zhu, Hong Rui"]
[Result "1/2-1/2"]
[WhiteElo "1962"]
[BlackElo "2313"]
[WhiteFideId "-1"]
[WhiteFideId "-1"]
[PlyCount "49"]
[GameId "2160767908478361"]
[EventDate "2017.03.04"]
[EventType "tourn"]
[EventRounds "6"]
[EventCountry "CAN"]

1. d4 d5 2. c4 e6 3. Nc3 c6 4. Nf3 dxc4 5. g3 b5 6. Bg2 Bb7 7. O-O Nf6 8. Ne5 Nd5 9. Ne4 Nd7 10. Nxf7 Kxf7 11. Ng5+ Ke7 12. e4 Nc7 13. Qh5 Qe8 14. Qh4 Nf6 15. d5 Kd7 16. dxe6+ Kc8 17. Bh3 Be7 18. Nf7 Rg8 19. e5 Nfd5 20. Nd6+ Kb8 21. Nxe8 Bxh4 22. Nxc7 Kxc7 23. gxh4 Rae8 24. f4 g6 25. Kf2 1/2-1/2

[Event "Quebec-ch U18"]
[Site "Montreal CAN"]
[Date "2017.03.05"]
[Round "4"]
[White "Saha, Ananda"]
[Black "Cote, Frederic"]
[Result "1-0"]
[WhiteElo "2088"]
[BlackElo "1414"]
[WhiteFideId "-1"]
[WhiteFideId "-1"]
[PlyCount "91"]
[GameId "2160767908478362"]
[EventDate "2017.03.04"]
[EventType "tourn"]
[EventRounds "6"]
[EventCountry "CAN"]
[SourceTitle "EXT 2022"]
[Source "ChessBase"]
[SourceDate "2021.10.06"]
[SourceVersion "1"]
[SourceVersionDate "2021.10.06"]
[SourceQuality "1"]

1. d4 Nf6 2. c4 e6 3. Nf3 b6 4. Nbd2 d5 5. cxd5 Nxd5 6. e4 Nf6 7. Bd3 Nc6 8. Nb3 Bb4+ 9. Bd2 Bxd2+ 10. Qxd2 O-O 11. O-O a5 12. Qc2 Bb7 13. Qc3 Nb4 14. Rfe1 c5 15. a3 Nxd3 16. Qxd3 Bxe4 17. Qe3 a4 18. Nbd2 Bxf3 19. Nxf3 cxd4 20. Nxd4 Nd5 21. Qe4 Nf6 22. Qf4 Qb8 23. Qg5 h6 24. Qh4 Nd5 25. Re4 Qd8 26. Qh3 Nf6 27. Rh4 Rc8 28. Nf3 Qc7 29. g4 g5 30. Rxh6 Kg7 31. Nxg5 Rh8 32. Rxh8 Rxh8 33. Qg2 Qf4 34. Nh3 Qxg4 35. Qxg4+ Nxg4 36. Kg2 Rc8 37. Re1 Rc2 38. Re4 Nf6 39. Rb4 Nd5 40. Rxa4 Rxb2 41. Ng5 Kf6 42. h4 Ne3+ 43. Kf3 Nf5 44. Kg4 Rb1 45. Ne4+ Ke5 46. f4+ 1-0

[Event "Quebec-ch U18"]
[Site "Montreal CAN"]
[Date "2017.03.05"]
[Round "5"]
[White "Li, Yi Lin"]
[Black "Cote, Frederic"]
[Result "1-0"]
[WhiteElo "1962"]
[BlackElo "1414"]
[WhiteFideId "-1"]
[WhiteFideId "-1"]
[PlyCount "59"]
[GameId "2160767908478363"]
[EventDate "2017.03.04"]
[EventType "tourn"]
[EventRounds "6"]
[EventCountry "CAN"]

1. e4 e5 2. Nf3 Nc6 3. Bb5 Nf6 4. O-O Nd4 5. Nxd4 exd4 6. Re1 Be7 7. e5 Nd5 8. Qg4 Nb4 9. Qxg7 Rf8 10. Na3 a6 11. Ba4 b5 12. Bb3 c5 13. d3 Qb6 14. Qxh7 Bb7 15. Bh6 O-O-O 16. Bxf8 Rxf8 17. e6 dxe6 18. Bxe6+ fxe6 19. Qxe7 Rg8 20. g3 Bd5 21. Qh7 Qd8 22. Re5 Rh8 23. Qg7 Rg8 24. Qh6 Rh8 25. Qg5 Qe8 26. h4 Nc6 27. Rxd5 exd5 28. Qxd5 Rh5 29. Qf3 Ne5 30. Qa8+ 1-0

[Event "Quebec-ch U18"]
[Site "Montreal CAN"]
[Date "2017.03.05"]
[Round "5"]
[White "Zhu, Hong Rui"]
[Black "Saha, Ananda"]
[Result "1-0"]
[WhiteElo "2313"]
[BlackElo "2088"]
[WhiteFideId "-1"]
[WhiteFideId "-1"]
[PlyCount "123"]
[GameId "2160767908478364"]
[EventDate "2017.03.04"]
[EventType "tourn"]
[EventRounds "6"]
[EventCountry "CAN"]
[SourceTitle "EXT 2022"]
[Source "ChessBase"]
[SourceDate "2021.10.06"]
[SourceVersion "1"]
[SourceVersionDate "2021.10.06"]
[SourceQuality "1"]

1. e4 c5 2. Ne2 e6 3. g3 Nc6 4. Bg2 d6 5. c3 g6 6. d4 cxd4 7. cxd4 Bg7 8. Nbc3 Nge7 9. O-O O-O 10. Bf4 a6 11. Qd2 e5 12. Be3 f5 13. Bg5 Qe8 14. dxe5 dxe5 15. Rad1 Qf7 16. b3 h6 17. Bxh6 f4 18. Bxg7 Kxg7 19. f3 Be6 20. Na4 g5 21. Nc5 Rh8 22. Nxe6+ Qxe6 23. Qd7 Qxd7 24. Rxd7 b5 25. Rfd1 Rad8 26. h4 Rxd7 27. Rxd7 gxh4 28. gxf4 exf4 29. Nxf4 Kf7 30. Kf2 Ke8 31. Rd6 a5 32. Bh3 Ne5 33. Re6 N5c6 34. Bg4 Kf7 35. Ke3 Nb4 36. a3 Nc2+ 37. Kd2 Nd4 38. Rxe7+ Kxe7 39. Ng6+ Kf6 40. Nxh8 Kg7 41. Kc3 Ne2+ 42. Kd2 Nf4 43. Ke3 h3 44. Bxh3 Nxh3 45. Kd4 Kxh8 46. Kc5 Kg7 47. Kxb5 Kf6 48. Kxa5 Ke7 49. Kb6 Kd7 50. e5 Ng5 51. f4 Ne6 52. f5 Nd4 53. b4 Nxf5 54. a4 Ne3 55. e6+ Kxe6 56. Kc6 Nd5 57. b5 Ne7+ 58. Kb7 Kd7 59. a5 Nc8 60. b6 Nd6+ 61. Ka7 Kc8 62. Ka8 1-0

[Event "Quebec-ch U18"]
[Site "Montreal CAN"]
[Date "2017.03.05"]
[Round "6"]
[White "Cote, Frederic"]
[Black "Zhu, Hong Rui"]
[Result "0-1"]
[WhiteElo "1414"]
[BlackElo "2313"]
[WhiteFideId "-1"]
[WhiteFideId "-1"]
[PlyCount "82"]
[GameId "2160767908478365"]
[EventDate "2017.03.04"]
[EventType "tourn"]
[EventRounds "6"]
[EventCountry "CAN"]
[SourceTitle "EXT 2022"]
[Source "ChessBase"]
[SourceDate "2021.10.06"]
[SourceVersion "1"]
[SourceVersionDate "2021.10.06"]
[SourceQuality "1"]

1. Nf3 c5 2. c4 Nc6 3. d4 cxd4 4. Nxd4 g6 5. e3 Bg7 6. Nc3 Nf6 7. Be2 O-O 8. O-O Nxd4 9. exd4 d5 10. h3 Be6 11. Bf3 Rc8 12. c5 b6 13. b4 Ne4 14. Ne2 bxc5 15. bxc5 Rxc5 16. Ba3 Rc4 17. Rc1 Ng5 18. Bg4 Bxg4 19. hxg4 Rxc1 20. Qxc1 Ne6 21. Rd1 Qd7 22. Bb4 Rb8 23. a3 Rc8 24. Qe3 Rc4 25. f4 Kf8 26. f5 Nd8 27. fxg6 hxg6 28. Qf3 Kg8 29. Bc5 Ne6 30. Rf1 Bf6 31. Bxe7 Bxd4+ 32. Nxd4 Qxe7 33. Nf5 gxf5 34. gxf5 Ng5 35. Qg3 Qf6 36. Qb8+ Kg7 37. Qg3 Rh4 38. Rf3 Qd4+ 39. Rf2 Rg4 40. f6+ Kg6 41. Qb3 Ne4 0-1

[Event "Quebec-ch U18"]
[Site "Montreal CAN"]
[Date "2017.03.05"]
[Round "6"]
[White "Saha, Ananda"]
[Black "Li, Yi Lin"]
[Result "1-0"]
[WhiteElo "2088"]
[BlackElo "1962"]
[WhiteFideId "-1"]
[WhiteFideId "-1"]
[PlyCount "97"]
[GameId "2160767908478366"]
[EventDate "2017.03.04"]
[EventType "tourn"]
[EventRounds "6"]
[EventCountry "CAN"]

1. Nf3 d5 2. c4 e6 3. g3 c6 4. cxd5 exd5 5. Bg2 Bd6 6. O-O Bd7 7. d4 Qc8 8. Nc3 Ne7 9. Qb3 Bf5 10. e4 dxe4 11. Ng5 O-O 12. Bxe4 h6 13. Bxf5 Nxf5 14. Nce4 Bc7 15. Rd1 Bb6 16. d5 c5 17. Qc4 Nd4 18. Kg2 Qf5 19. f4 Nd7 20. h3 h5 21. Qd3 Nf6 22. Nxf6+ Qxf6 23. Be3 Rad8 24. a4 a6 25. Bxd4 cxd4 26. Ne4 Qf5 27. d6 Rfe8 28. Re1 Re6 29. Qf3 Bc5 30. g4 Rg6 31. Ng5 hxg4 32. hxg4 Qd7 33. Rh1 Qc6 34. Qxc6 bxc6 35. Kf3 Bxd6 36. Rh8+ Kxh8 37. Nxf7+ Kg8 38. Nxd8 Bc7 39. f5 Rf6 40. Ne6 Bb6 41. Ke4 g6 42. Ke5 Kf7 43. Rh1 Ke7 44. Rh7+ Rf7 45. fxg6 Rxh7 46. gxh7 d3 47. h8=Q d2 48. Qf8+ Kd7 49. Qd6+ 1-0

[Event "Quebec-ch U19 w"]
[Site "Montreal CAN"]
[Date "2017.02.10"]
[Round "1.1"]
[White "Ouellet, Maili-Jade"]
[Black "Wang, Rachel Zihan"]
[Result "1-0"]
[WhiteElo "2142"]
[BlackElo "1150"]
[WhiteFideId "-1"]
[WhiteFideId "-1"]
[PlyCount "87"]
[GameId "2160767908478690"]
[EventDate "2017.02.10"]
[EventType "swiss"]
[EventRounds "5"]
[EventCountry "CAN"]
[SourceTitle "EXT 2022"]
[Source "ChessBase"]
[SourceDate "2021.10.06"]
[SourceVersion "1"]
[SourceVersionDate "2021.10.06"]
[SourceQuality "1"]
[WhiteTeam "Canada"]
[BlackTeam "Canada"]
[WhiteTeamCountry "CAN"]
[BlackTeamCountry "CAN"]

1. d4 d5 2. c4 c6 3. Nf3 Nf6 4. Nc3 dxc4 5. a4 Bg4 6. Ne5 e6 7. Nxg4 Nxg4 8. e4 Nf6 9. Bxc4 Bb4 10. f3 c5 11. Be3 Nc6 12. dxc5 Qxd1+ 13. Rxd1 Bxc3+ 14. bxc3 O-O 15. O-O h6 16. Rb1 Na5 17. Be2 Rfc8 18. Rb5 b6 19. cxb6 axb6 20. Bxb6 Nb7 21. Bd4 Nd6 22. Rb4 Nh5 23. f4 Nf6 24. e5 Nd5 25. exd6 Nxb4 26. cxb4 Rxa4 27. Bc5 Rca8 28. Bf3 Rd8 29. Bc6 Ra6 30. b5 Ra2 31. Rd1 Rc2 32. Bb6 Rxd6 33. Rxd6 Rc1+ 34. Kf2 Rc2+ 35. Ke3 Rc3+ 36. Kd4 Rc2 37. Rd8+ Kh7 38. Be4+ g6 39. Bxc2 Kg7 40. Ke5 h5 41. Bd4 f6+ 42. Kxe6 Kh6 43. Rh8+ Kg7 44. Bxf6# 1-0